000
00324nam a2200145Ia 4500
100
_a
Gandhi /M/ Shetty /T
942
_c
BK
654
_a
C odyssey
245
_a
The ''''C'''' Odyssey -unix
260
_b
BPB Publications
_a
New Delhi
_c
1992
082
_a
5.13
_b
GAN/SHE
300
_a
577
546
_a
ENGLISH
999
_c
29781
_d
29781